000 00464nam a2200133Ia 4500
008 170419s9999 xx 000 0 und d
100 _aKatz, Janet R.
245 _aMeasuring the success of a pipeline program to increase nursing workforce diversity
245 _cJanet R. Katz, Celestina Barbosa-Leiker, and Sandra Benavides-Vaello.
260 _bElsevier
260 _c2016
300 _aJanuary/February 2016
440 _aJournal of Profesional Nursing
_v32:1
999 _c329498
_d329498